00399nam a2200145 i 450000100060000000300090000600500170001500700030003200800410003510000160007624500600009226000530015230000270020585200210023289778ES-MaACL20230906180251.0t|050113s1925 fr ||||1| fre d1 aLaurand, L.10aManuel des études grecques et latines / cL. Laurand. aParis : b[s.n.], c1925 (eMesnil : fF. Didot) aVII, 933 p. ; c21 cm. aES-MaACLjF-1534